000 00836nam a2200205Ia 4500
001 6628
003 GE_BSU
008 181216s||||||||xx |||||||||||||| ||und||
040 _cGE_BSU
080 _a008+1
245 _aკულტურა,ფილოსოფია,ღირებულებები
245 _bXX საუკუნის 10 ქართველი ფილოსოფოსი
245 _cშემდგ.შესავალი წერილის ავტორი და რედ. მიხეილ მახარაძე
260 _aბათუმი
260 _bშპს "პალიტრა-ფისტი-1
260 _c2009
300 _a112გვ.20სმ.
653 _aკულტურა,ფილოსოფია,ღირებულებები
942 _cBK
999 _c40022
_d40022